| 000 | 00792cam a22002773a 4500 | ||
|---|---|---|---|
| 001 | 10911 | ||
| 003 | PGUSA | ||
| 005 | 20140828083230.0 | ||
| 008 | 040201s2004||||xxu|||||s|||||000 1 eng d | ||
| 040 |
_aPGUSA _beng |
||
| 042 | _adc | ||
| 050 | 4 | _aPR | |
| 100 | 1 |
_aBennett, Arnold, _d1867-1931 |
|
| 245 | 1 | 0 |
_aBuried Alive : _bA Tale of These Days _h[electronic resource] / _cArnold Bennett |
| 260 |
_bProject Gutenberg, _c2004 |
||
| 506 | _aPublic domain in the USA. | ||
| 516 | _aElectronic text | ||
| 653 | _aArtists -- Fiction | ||
| 653 | _aMistaken identity -- Fiction | ||
| 653 | _aEngland -- Fiction | ||
| 653 | _aValets -- Fiction | ||
| 653 | _aPainters -- Fiction | ||
| 830 | 0 |
_aProject Gutenberg _v10911 |
|
| 856 | 4 | 0 | _uhttp://www.gutenberg.org/ebooks/10911 |
| 942 | _cEB | ||
| 999 |
_c240166 _d240166 |
||